Villes sud-asiatiques par carte - Statistiques

Statistiques générales
  • Ce quiz a été pris 131 fois
  • Le résultat moyen est 12 sur 21
Réponses sur la Carte
Les réponses sont colorées sur une échelle allant du rouge au vert en fonction du pourcentage des utilisateurs qui les ont devinées à leur premier essai. Vous pouvez retrouver ces pourcentages ci-dessous.
 
Statistiques - réponses
Cities % Correct
Mumbai
95%
New Delhi
95%
Dhaka
92%
Islamabad
92%
Katmandou
89%
Kolkata
89%
Colombo
79%
Karachi
79%
Malé
71%
Bengaluru
59%
Thimphou
57%
Lahore
56%
Chennai
55%
Lhassa
47%
Jaipur
40%
Haïdarabad
38%
Chittagong
32%
Lucknow
18%
Jaffna
11%
Quetta
11%
Pokhara
5%
Aucun quiz correspondant
Distribution des résultats
% des personnes avec chaque résultat
Percentile par nombre de réponses
Votre historique - résultats
Vous n’avez pas pris ce quiz